A catalogue of all the rich and elegant household furniture, capital collection of pictures, by old and modern masters, ... the property of the late Earl Ferrers, deceased, at his Lordship's late seat at Staunton Harold, near Ashby-de-la-Zouch, int he county of Leicester. Which will be sold by auction by Mr Christie, on the premises on Monday, June 25, 1787 and the seven following days, Sunday excepted ... (Record no. 114437)

MARC details
000 -LEADER
fixed length control field 00808cam a22001695a 4500
001 - CONTROL NUMBER
control field L156821
008 - FIXED-LENGTH DATA ELEMENTS--GENERAL INFORMATION
fixed length control field 120717s1787 xxk f 000 0 eng d
035 ## - SYSTEM CONTROL NUMBER
System control number (Sirsi) u156821
041 0# - LANGUAGE CODE
Language code of text/sound track or separate title eng
110 2# - MAIN ENTRY--CORPORATE NAME
Corporate name or jurisdiction name as entry element Christie and Co
9 (RLIN) 1921
245 02 - TITLE STATEMENT
Title A catalogue of all the rich and elegant household furniture, capital collection of pictures, by old and modern masters, ... the property of the late Earl Ferrers, deceased, at his Lordship's late seat at Staunton Harold, near Ashby-de-la-Zouch, int he county of Leicester. Which will be sold by auction by Mr Christie, on the premises on Monday, June 25, 1787 and the seven following days, Sunday excepted ...
260 ## - PUBLICATION, DISTRIBUTION, ETC.
Place of publication, distribution, etc. [S.l.]
Name of publisher, distributor, etc. [s.n.]
Date of publication, distribution, etc. [1787]
300 ## - PHYSICAL DESCRIPTION
Extent [90 p.]
Dimensions 26 cm.
651 #4 - SUBJECT ADDED ENTRY--GEOGRAPHIC NAME
Geographic name Great Britain
Chronological subdivision 1707-
690 ## - LOCAL SUBJECT ADDED ENTRY--TOPICAL TERM (OCLC, RLIN)
Topical term or geographic name as entry element Auctioneering
9 (RLIN) 6218
942 ## - ADDED ENTRY ELEMENTS (KOHA)
Suppress in OPAC 0

No items available.